[Event "Antofagasta Zicosur op 1st"]
[Site "Antofagasta"]
[Date "2015.01.10"]
[Round "9"]
[White "Almonacid Nunez, Juan Carlos"]
[Black "Ortega Carrasco, Alex Benjamin"]
[Result "1/2-1/2"]
[WhiteElo "1621"]
[BlackElo "1817"]
[PlyCount "69"]
[EventDate "2015.01.05"]
[EventType "swiss"]
[EventRounds "10"]
[EventCountry "CHI"]
[SourceTitle "CBM 164 Extra"]
[Source "ChessBase"]
[SourceDate "2015.03.02"]
[SourceVersion "1"]
[SourceVersionDate "2015.03.02"]
[SourceQuality "1"]

1. e4 e5 2. Nf3 Nc6 3. Bb5 a6 4. Ba4 Nf6 5. 0-0 Nxe4 6. d4 b5 7. Bb3 d5 8. Nxe5 Nxe5 9. dxe5 Be6 10. c3 Bc5 11. Nd2 Nxd2 12. Bxd2 h5 13. Bc2 h4 14. Qf3 h3 15. g3 Qd7 16. Bd1 Bf5 17. Be3 Be7 18. Re1 Be4 19. Qg4 g6 20. Bd4 Qxg4 21. Bxg4 c5 22. Be3 Bf5 23. Bf3 0-0-0 24. a4 b4 25. Red1 Be6 26. cxb4 d4 27. Bd2 cxb4 28. Rac1+ Kb8 29. Rc6 Bd5 30. Bxd5 Rxd5 31. Rdc1 a5 32. Rc7 Re8 33. Bf4 g5 34. e6 Bd6 35. Bxd6 1/2-1/2

[Event "Antofagasta Zicosur op 1st"]
[Site "Antofagasta"]
[Date "2015.01.09"]
[Round "7"]
[White "Almonacid Nunez, Juan Carlos"]
[Black "Alvarez Flores, Diego Antonio"]
[Result "1/2-1/2"]
[WhiteElo "1621"]
[BlackElo "1774"]
[PlyCount "51"]
[EventDate "2015.01.05"]
[EventType "swiss"]
[EventRounds "10"]
[EventCountry "CHI"]
[SourceTitle "CBM 164 Extra"]
[Source "ChessBase"]
[SourceDate "2015.03.02"]
[SourceVersion "1"]
[SourceVersionDate "2015.03.02"]
[SourceQuality "1"]

1. e4 e6 2. d4 d5 3. Nd2 Nf6 4. e5 Nfd7 5. Bd3 c5 6. c3 Nc6 7. Ne2 cxd4 8. cxd4 f6 9. Nf4 Nxd4 10. Qh5+ Ke7 11. exf6+ Nxf6 12. Ng6+ hxg6 13. Qxh8 Kf7 14. 0-0 Bd7 15. Qh4 e5 16. Nb3 Nxb3 17. axb3 Qb6 18. Qg3 e4 19. Bb1 Bd6 20. Qg5 Rh8 21. h3 Rh5 22. Qd2 Ng4 23. Qa5 Qxb3 24. Ra3 Bxa3 25. hxg4 Bxg4 26. Qxa3 1/2-1/2